000 00636cam a22001938a 4500
020 _a007352932X (hardcover : alk. paper)
020 _a9780073529325 (hardcover : alk. paper)
082 0 0 _a621.4021
_bCEN
_cN-01,P-215
100 1 _aÇengel, Yunus A.
_92462
245 1 0 _aThermodynamics :
_ban engineering approach /
_cYunus A. Cengel, Michael A. Boles.
250 _a7th ed.
260 _aNew York, NY :
_bMcGraw-Hill,
_cc2011.
300 _ap. cm.
_b:ill.
_c24 cm.
526 _a0
_b0
_c0
_d621_402100000000000_CEN
650 0 _aNUST
_96342
650 0 _aThermodynamics.
_97134
700 1 _aBoles, Michael A.
_935743
942 _2ddc
_cBK
999 _c542541
_d542541